| 000 | 00945nas a2200325 4500 | ||
|---|---|---|---|
| 001 | BR0305780 | ||
| 003 | BR-BrBNA | ||
| 005 | 20231205104202.0 | ||
| 007 | ta | ||
| 008 | 230509b bl.|||p| |||| 00| 00por d | ||
| 040 |
_aBR-BrBNA _bpor _cBiblioteca Nacional de Agricultura |
||
| 041 | _a(Pt) | ||
| 072 | _aL73; L70 | ||
| 100 | 1 | _aFernandes, C.G.N. | |
| 100 | 1 | _aGalera, P.D. | |
| 100 | 1 | _aBrinholi, R.B. | |
| 100 | 1 | _aBenetti, A.H. | |
| 100 | 1 | _aMedeiros, A.F. | |
| 245 | 1 | _aPeritonite infecciosa felina em gato doméstico de Cuiabá, Estado de Mato Grosso | |
| 650 | _aGATO | ||
| 650 | _aPERITONITE | ||
| 650 | _aVÍRUS | ||
| 650 | _aINFECÇÃO | ||
| 650 | _aVETERINÁRIA | ||
| 650 | _aSINTOMA | ||
| 650 | _aMATO GROSSO | ||
| 773 | 0 |
_tRevista Brasileira de Medicina Veterinária (Brazil) _xISSN 0100-2430 _g(Jan-Feb 2003), v. 25(1) p. 40-42 _wBR0305780 |
|
| 909 |
_a202311 _bLúcia _c55 _dLúcia Elande |
||
| 942 |
_2AGRIS _n0 _cANA |
||
| 999 |
_c176817 _d176817 |
||